Movies Quiz

Random Movies or Director Quiz

Fill-in–the–Blank: Male Names Movies Quiz Stats

 Plays Quiz Updated Jul 13, 2017

Support Sporcle.
Go Orange.
Score 0/48 Timer 08:00
3 Plays Today
Title Male Name % Correct
________ Potter and the Chamber of SecretsHarry
97.2%
________ HoodRobin
96.9%
________ Powers: International Man of MysteryAustin
95.4%
Good ________ HuntingWill
93.1%
Curious ________ George
92.7%
Being ________ MalkovichJohn
92.2%
The Curious Case of ________ ButtonBenjamin
92.1%
________ the MenaceDennis
90.4%
________ Bueller's Day OffFerris
88.4%
Meet ________ BlackJoe
82.6%
________ TwistOliver
79.6%
Cool Hand ________ Luke
79.3%
What's Eating ________ GrapeGilbert
77.1%
I Am ________ Sam
75.2%
The Book of ________ Eli
75.2%
________ of the DeadShaun
72.1%
________ & Gromit in The Curse of the Were-RabbitWallace
72%
________ Wilson's WarCharlie
72%
The ________ Crown AffairThomas
71.5%
Weekend at ________'sBernie
71.4%
The People vs. ________ FlyntLarry
69.7%
Little ________ Nicky
66.3%
Monty Python's Life of ________Brian
63.7%
________ in Real LifeDan
62.9%
Title Male Name % Correct
________'s RibAdam
62.4%
________ Jackson & the Olympians: The Lightning ThiefPercy
60.1%
A Connecticut Yankee in King ________'s CourtArthur
58.5%
The Life Aquatic with ________ ZissouSteve
57.6%
Win a Date With ________ HamiltonTad
56.5%
________ | VictoriaVictor
55.3%
________ HexJonah
51.8%
________'s WayCarlito
51.2%
________ Blue EyesMickey
50.8%
Searching for ________ FischerBobby
49.2%
________ & JoonBenny
49%
________'s DragonPete
40.6%
Waking ________ DevineNed
40.2%
________ & NancySid
39.2%
________ Quartermain and the Lost City of GoldAllan
28.2%
Last Chance ________ Harvey
27.7%
________ & JuneHenry
22.5%
________ the LiarJakob
21.7%
________ the VikingErik
20.8%
________ Goes DownIgby
18.6%
________ FisherAntwone
17.1%
Fanny and ________Alexander
15.8%
Losing ________ Isaiah
13.5%
________ & IrisStanley
10.6%

You're not logged in!

Compare scores with friends on all Sporcle quizzes.
OR
Log In
Forgot?

From the Vault

Languages Spoken in Canada

by Devinel

Pack an extra language with you the next time you journey to Canada.
Remove Ads.
Support Sporcle.
Get the best of Sporcle when you Go Orange. This ad-free experience offers more features, more stats, and more fun while also helping to support Sporcle. Thank you for becoming a member.

Show Comments

Extras

Top Quizzes Today


Score Distribution

Your Account Isn't Verified!

In order to create a playlist on Sporcle, you need to verify the email address you used during registration. Go to your Sporcle Settings to finish the process.

Report this User

Report this user for behavior that violates our Community Guidelines.

Details: